| 000 | 01599nam a2200241Ii 4500 | ||
|---|---|---|---|
| 008 | 221202s xx 000 0 und d | ||
| 245 | 0 | _aDoing Identity in Luxembourg | |
| 246 | _aSubjective Appropriations - Institutional Attributions - Socio-Cultural Milieus | ||
| 264 | 1 |
_aBielefeld _btranscript Verlag _c2011 |
|
| 300 | _a1 online resource (298 pages) | ||
| 336 |
_atext _btxt _2rdacontent |
||
| 337 |
_acomputer _bc _2rdamedia |
||
| 338 |
_aonline resource _bcr _2rdacarrier |
||
| 490 | _aKultur und soziale Praxis | ||
| 520 | _aLuxembourg - international financial center, European administrative center, destination country for immigration? This empirical study provides insights about a society that has hitherto largely eluded scientific investigation and observes the processes of identity construction in globalised conditions. The interdisciplinary team of authors exposes the processes of subjective appropriations and institutional attributions at work in the fields of languages, spaces, perceptions of self and others as well as everyday cultures, and identifies for the first time socio-cultural milieus in the Grand Duchy. The findings of the three-year research project uncover the ambivalences and dynamics of a multicultural and multilingual society. | ||
| 653 | _aCulture | ||
| 653 | _aIdentity | ||
| 653 | _aInterdisciplinarity | ||
| 653 | _aLuxembourg | ||
| 653 | _aMilieus | ||
| 856 |
_uhttps://docs.google.com/spreadsheets/d/1yKIrdCPDAG_9c22mwoOIO2DOhtj65Wqa/edit?usp=sharing&ouid=106555315294820607512&rtpof=true&sd=true _yList of Curated E-Books |
||
| 942 | _cE-BOOK | ||
| 999 |
_c92979 _d92976 |
||